Statistics for Dünya Ülkeleri-1914

Click here to take the quiz!

General Stats

  • This quiz has been taken 1 446 times
  • The average score is 47 of 80

Answers on the Map

Answers color-coded by a green-red scale on the quiz's map according to % correct below.
 

Answer Stats

Country% Correct
Rus İmparatorluğu
97%
Amerika Birleşik Devletleri
96%
Osmanlı İmparatorluğu
96%
Büyük Britanya
95%
Fransa
95%
Alman İmparatorluğu
94%
Çin
94%
Kanada
94%
İspanya
93%
İtalya
93%
Portekiz
92%
Meksika
91%
Brezilya
90%
İran
90%
Japonya
90%
Moğolistan
90%
Avusturya-Macaristan
89%
İsveç
89%
Norveç
89%
Danimarka
88%
Yunanistan
88%
Arjantin
86%
Bulgaristan
86%
Avustralya
85%
Belçika
85%
Hollanda
85%
Şili
85%
Afganistan
82%
Güney Afrika
80%
İsviçre
80%
Romanya
80%
Sırbistan
77%
Arnavutluk
76%
Nepal
73%
Yeni Zelanda
73%
Kolombiya
72%
Küba
72%
Peru
72%
Uruguay
71%
Venezuela
70%
Paraguay
68%
Karadağ
67%
Bolivya
66%
Etiyopya
66%
Panama
66%
Siam
65%
Al-Hiba
60%
Dominik Cumhuriyeti
59%
Ekvador
59%
Butan
57%
Honduras
55%
Lüksemburg
54%
Nejd
53%
El Salvador
51%
Haiti
51%
Kosta Rika
48%
Guatemala
45%
Nikaragua
44%
Tibet
44%
Umman
38%
Liberya
37%
San Marino
36%
Andorra
35%
Monako
31%
Lihtenştayn
30%
Newfoundland
10%
Jabal
4%
Kuzey Epirus
2%
Asir
1%
Aussa
1%
Derviş
1%
Anaza
0%
Beda
0%
Hamum
0%
Kathiri
0%
Landak
0%
Mbunda
0%
Najran
0%
Tamim
0%
Zaian
0%

Score Distribution

Percentile by Number Answered

Percent of People with Each Score

Your Score History

You have not taken this quiz